[Event "ROM-ch U12"]
[Site "Calimanesti Caciulata"]
[Date "2019.04.22"]
[Round "9"]
[White "Botez, Mario Alexandru"]
[Black "Finta, Alec Andrei"]
[Result "0-1"]
[WhiteElo "1001"]
[BlackElo "1030"]
[PlyCount "68"]
[EventDate "2019.04.15"]
[EventType "swiss"]
[EventRounds "9"]
[EventCountry "ROU"]
[SourceTitle "CBM 190 Extra"]
[Source "ChessBase"]
[SourceDate "2019.07.15"]
[SourceVersion "1"]
[SourceVersionDate "2019.07.15"]
[SourceQuality "1"]

1. d4 Nf6 2. Bf4 e6 3. Nc3 b6 4. e3 Bb7 5. Nb5 d6 6. Bd3 Bxg2 7. Qd2 a6 8. Nc3 Bxh1 9. f3 Nbd7 10. 0-0-0 e5 11. Bg5 h6 12. Be4 Nxe4 13. Bxd8 Nxd2 14. Bxc7 Nxf3 15. Nh3 Bg2 16. Nf2 Rc8 17. Nd5 Nxh2 18. e4 Nf3 19. Bxb6 Nxb6 20. Nxb6 Rc6 21. Nd5 exd4 22. Nb4 Rb6 23. Nd5 Rb7 24. Nf4 Nh4 25. Rxd4 g5 26. N4d3 f5 27. exf5 Nxf5 28. Rc4 h5 29. Rc8+ Kd7 30. Rc3 h4 31. Ng4 Bg7 32. Ra3 h3 33. Nh2 g4 34. Nf4 Bxb2+ 0-1